The Crescent. The Star. The Stripes.
| Main Author: | |
|---|---|
| Format: | Book |
| Published: |
Kuala Lumpur:
BN Communications,
2008.
|
| Subjects: |
| LEADER | 00509cam a2200169 7i4500 | ||
|---|---|---|---|
| 001 | 0000026962 | ||
| 005 | 20110919090000.0 | ||
| 020 | 0 | 0 | |a 9789834150556 |
| 090 | 0 | 0 | |a B 821.92 |b NAR |
| 100 | 1 | 0 | |a Narayanan |
| 245 | 1 | 4 | |a The Crescent. The Star. The Stripes. |
| 260 | 0 | 0 | |a Kuala Lumpur: |b BN Communications, |c 2008. |
| 300 | # | # | |a 144 p. |
| 650 | 0 | 0 | |a Malaysian poetry (English) |
| 650 | 0 | 0 | |a Malaysia -- |x History -- |x Poetry -- |y 20th century |
| 651 | 0 | 0 | |a Malaysia |
| 999 | |a 0000029376 |b Book |c Book |e Business Information Centre | ||


